LIBRARY & INFORMATION CENTRE, KCAET, TAVANUR

ONLINE PUBLIC ACCESS CATALOGUE (OPAC)

Floor finishes : A guide to their selection / (Record no. 1825)

MARC details
000 -LEADER
fixed length control field 00387cam a2200145ua 4500
041 ## - LANGUAGE CODE
Language code of text/sound track or separate title eng
082 ## - DEWEY DECIMAL CLASSIFICATION NUMBER
Classification number 690.16
Item number WHI/FL
100 ## - MAIN ENTRY--AUTHOR NAME
Personal name Whitring, Penelope .
245 ## - TITLE STATEMENT
Title Floor finishes : A guide to their selection /
260 ## - PUBLICATION, DISTRIBUTION, ETC. (IMPRINT)
Place of publication London :
Name of publisher E & F.N.Spon Ltd ,
Year of publication 1948.
300 ## - PHYSICAL DESCRIPTION
Number of Pages 78 ; .
942 ## - ADDED ENTRY ELEMENTS (KOHA)
Koha item type Books
Holdings
Withdrawn status Lost status Damaged status Home library Current library Date acquired Full call number Accession Number Koha item type
      KAUAET KAUAET 07/04/2012 690.16 3550 Books
free website counter